Responses for Show #2517 - Tuesday, July 11, 1995

1995-A Seniors Tournament quarterfinal game 2.

Contestants

[<< previous game]

Pete Herborn, a retired teacher from Columbia, Missouri

Diane Graham, a training executive from Potomac, Maryland

Dotty Carew, a communications specialist and writer from Brooklyn, New York

[next game >>]

Jeopardy! Round responses

MAMMALS
SAINTS
SINGERS
LAKES & RIVERS
COOKING
ODD WORDS
    $100 15
camels

Diane
    $100 4
John Paul II

Dotty
    $100 10
(Dotty: Uh, who is... oh... )

Loretta Lynn

DottyPete
    $100 6
Three Mile Island

Diane
    $100 20
cinnamon

Diane
    $100 1
a prayer

Dotty
    $200 22
a pouch

Dotty
    $200 5
St. Francis

Pete
    $200 16
Laugh-In

Diane
    $200 11
the Sea of Galilee

Pete
    $200 21
pan drippings

Triple Stumper
    $200 2
puberty

Triple Stumper
    $300 23
an armadillo

Pete
    $300 7
St. John (the Divine)

Diane
    $300 17
Perry Como

Diane
    $300 12
the Volga

Pete
    $300 26
glaze

Pete
    $300 3
a wick

Diane
    $400 24
(Diane: What is a possum?)

a sloth

DianePete
    $400 8
Alexandria

Dotty
    $400 18
Snooky Lanson

Diane
    $400 13
[NOTE: Pete says both names.]

Myanmar or Burma

Pete
    $400 27
grape leaves

Pete
    $400 29
marry

Diane
    $500 25
(Dotty: What is a grizzly bear?)
(Alex: More specific.)
(Dotty: Uh, what is the Alaska grizzly?)

a Kodiak

DottyPete
    $500 9
(Diane: Who is St. Thomas?)
(Alex: Be more specific.)

St. Thomas of Aquinas

Diane
    $500 19
Anne Murray

Diane
    $500 14
the Ukraine

Pete
    $500 28
(Pete: What's tea?)

coffee

DianePete
    $500 30
chess

Diane

Scores at the first commercial break (after clue 14):

Dotty Diane Pete
$500 $1,200 $1,700

Scores at the end of the Jeopardy! Round:

Dotty Diane Pete
$200 $3,800 $3,100

Double Jeopardy! Round responses

AMERICAN HISTORY
'50s FILM FACTS
TRANSPORTATION
FLAGS
LITERARY CHARACTERS
EVEN WORDS
    $200 2
Phoenix

Diane
    $200 3
Merv Griffin

Diane
    $200 11
Shetlands

Diane
    $200 8
North Carolina

Pete
    $200 1
(Diane: What is Brave New World?)

1984

DianePete
    $200 24
par

Diane
    $400 17
Great Britain

Pete
    $400 4
Some Like It Hot

Diane
    $400 12
dog sleds

Dotty
    $400 9
(Pete: What are the states?)

the (original) colonies

DottyPete
    $400 13
Carrie

Diane
    $400 27
keel

Diane
    $600 18
(Diane: What is the Dutch East Indies Company?)
(Dotty: What is the Dutch East India Company?)

the Dutch West India Company

DottyDiane
Triple Stumper
    $600 5
Alfred Hitchcock

Diane
    $600 21
(Diane: What's a caravan?)

motorcade

Diane
Triple Stumper
    $600 10
the Sahara

Diane
    $600 14
Dick Francis

Diane
    $600 28
neck and neck

Diane
    $800 19
Donald Regan

Triple Stumper
    $800 6
East of Eden

Diane
    $800 22
Diesel

Diane
    $500 25
(Diane: What is Newfoundland?)

Prince Edward Island

Diane
    $800 15
Jeeves

Diane
    $800 29
a level

Pete
    $1000 20
(Diane: What is West Virginia?)

Michigan

Diane
Triple Stumper
    $1000 7
(Alex: You did well in that.)
[Applause]
(Alex: Well, if you remember those films.)
(Diane: I was there.)

Picnic

Diane
    $1000 23
MGM Grand Air

Triple Stumper
    $1000 26
Angkor Wat

Diane
    $1,500 16
(George F.) Babbitt

Diane
    $1000 30
equilibrium

Diane

Scores at the end of the Double Jeopardy! Round:

Dotty Diane Pete
$400 $12,200 $4,300
(lock game)

Final Jeopardy! Round responses

FAMOUS NAMES
(Alex: Francis Scott was related to Francis Scott [*].)
DottyWhat is Scott?
$400
PeteWhat is Ray?
$3,000
DianeWhat is?
$2,000
Key

Final scores:

Dotty Diane Pete
$0 $10,200 $1,300
3rd place: $1,000 if eliminated Automatic semifinalist 2nd place: $1,000 if eliminated

Game dynamics:

Coryat scores:

Dotty Diane Pete
$400 $12,200 $4,300
6 R,
3 W
31 R
(including 1 DD),
6 W
(including 1 DD)
15 R
(including 1 DD),
2 W

Combined Coryat: $16,900

[game clues] [game scores] [suggest correction]

Game tape date: 1995-02-27
The J! Archive is created by fans, for fans. Scraping, republication, monetization, and malicious use prohibited; this site may use cookies and collect identifying information. See terms. The Jeopardy! game show and all elements thereof, including but not limited to copyright and trademark thereto, are the property of Jeopardy Productions, Inc. and are protected under law. This website is not affiliated with, sponsored by, or operated by Jeopardy Productions, Inc. Join the discussion at JBoard.tv.